| 000 | 00000nam 2200000zi 4500 |
| 001 | 9.946447 |
| 003 | CaOODSP |
| 005 | 20250128080634 |
| 006 | m o d f |
| 007 | cr mn||||||||| |
| 008 | 241227t20252025quca ob f000 0 fre d |
| 020 | |a9780660751085 |
| 040 | |aCaOODSP|bfre|erda|cCaOODSP |
| 043 | |an-cn--- |
| 045 | |ay1y2 |
| 086 | 1 |aTU4-45/2025F-PDF |
| 245 | 00|aRapport d'enquête sur une question de sécurité du transport ferroviaire R20H0082 : |bfacteurs contribuant aux variations saisonnières des accidents entre trains et véhicules automobiles aux passages à niveau. |
| 246 | 10|aFacteurs contribuant aux variations saisonnières des accidents entre trains et véhicules automobiles aux passages à niveau |
| 250 | |a[Version corrigée]. |
| 264 | 1|aGatineau QC : |bBureau de la sécurité des transports du Canada = Transportation Safety Board of Canada, |c2025. |
| 264 | 4|c©2025 |
| 300 | |a1 ressource en ligne (21 pages) : |billustrations (principalement en couleur) |
| 336 | |atexte|btxt|2rdacontent/fre |
| 337 | |ainformatique|bc|2rdamedia/fre |
| 338 | |aressource en ligne|bcr|2rdacarrier/fre |
| 500 | |aPublié aussi en anglais sous le titre : Rail transportation safety issue investigation report R20H0082: factors contributing to seasonal variations in train-motor vehicle accidents at grade crossings. |
| 500 | |a« Publié pour la première fois le 18 septembre 2024 » -- Couverture. |
| 500 | |a« Citation … (publié pour la première fois le 18 septembre 2024; version corrigée publiée le 6 janvier 2025) » -- Page 2. |
| 504 | |aComprend des références bibliographiques. |
| 650 | 6|aChemins de fer|xAccidents|xEnquêtes|zCanada. |
| 650 | 6|aAccidents de la route|xEnquêtes|zCanada. |
| 650 | 6|aPassages à niveau|xAccidents|xEnquêtes|zCanada. |
| 650 | 6|aConduite en hiver|zCanada. |
| 710 | 2 |aBureau de la sécurité des transports du Canada, |eorganisme de publication. |
| 775 | 08|tRail transportation safety issue investigation report R20H0082 : |w(CaOODSP)9.946448 |
| 795 | |tRapport d'enquête sur une question de sécurité du transport ferroviaire R20H0082 : |b(2024)|w(CaOODSP)9.942958 |
| 856 | 40|qPDF|s579 Ko|uhttps://publications.gc.ca/collections/collection_2025/bst-tsb/TU4-45-2025-fra.pdf |
| 856 | 4 |qHTML|sS.O.|uhttps://www.tsb.gc.ca/fra/rapports-reports/rail/etudes-studies/r20h0082/r20h0082.html |